Catálogo
 En Linea

Medio ambiente, derecho fundamental / (Registro nro. 50475)

Detalles MARC
000 -CABECERA
campo de control de longitud fija 00708nam a22002177a 4500
003 - IDENTIFICADOR DEL NÚMERO DE CONTROL
campo de control DO-SdBNP
005 - FECHA Y HORA DE LA ÚLTIMA TRANSACCIÓN
campo de control 20210913095113.0
007 - CAMPO FIJO DE DESCRIPCIÓN FÍSICA--INFORMACIÓN GENERAL
campo de control de longitud fija ta
008 - DATOS DE LONGITUD FIJA--INFORMACIÓN GENERAL
campo de control de longitud fija 210910e2012 dr ||||fr|||| 001 0dspa d
020 ## - NÚMERO INTERNACIONAL ESTÁNDAR DEL LIBRO
Número Internacional Estándar del Libro 9789945140972
040 ## - FUENTE DE LA CATALOGACIÓN
Centro catalogador/agencia de origen DO-SdBNP
Lengua de catalogación spa
Centro/agencia transcriptor BNPHU
082 #4 - NÚMERO DE LA CLASIFICACIÓN DECIMAL DEWEY
Número de edición 22
Número de documento/Ítem M843m
100 1# - ENTRADA PRINCIPAL--NOMBRE DE PERSONA
Nombre de persona Moreno Pérez, Santa Catalina,
Fechas asociadas al nombre 1962-
9 (RLIN) 79839
245 10 - MENCIÓN DE TÍTULO
Título Medio ambiente, derecho fundamental /
Resto del título Santa Moreno; Radhamés Jiménez Peña, pról.
260 ## - PUBLICACIÓN, DISTRIBUCIÓN, ETC.
Lugar de publicación, distribución, etc. Santo Domingo :
Nombre del editor, distribuidor, etc. Editora Corripio,
Fecha de publicación, distribución, etc. 2012
300 ## - DESCRIPCIÓN FÍSICA
Extensión 613 p.;
Dimensiones 23 cm
500 ## - NOTA GENERAL
Nota general Incluye bibliografía y notas al pié de páginas.
590 ## - NOTA LOCAL (RLIN)
Nota local Inventariado 2021 / MF
700 12 - PUNTO DE ACCESO ADICIONAL--NOMBRE DE PERSONA
9 (RLIN) 16509
Nombre de persona Jiménez Peña, Radhamés,
Fechas asociadas al nombre 1961-
942 ## - ELEMENTOS DE PUNTO DE ACCESO ADICIONAL (KOHA)
Fuente del sistema de clasificación o colocación Dewey Decimal Classification
Tipo de ítem Koha Libro
Existencias
Estado de retiro Estado de pérdida Fuente del sistema de clasificación o colocación Restricciones de uso No para préstamo Código de colección Localización permanente Ubicación/localización actual Ubicación en estantería Fecha de adquisición Fuente de adquisición Total de préstamos Signatura topográfica completa Código de barras Fecha visto por última vez Precio válido a partir de Tipo de ítem Koha Número de copia
    Dewey Decimal Classification Préstamo en sala   Dominicana de Servicio Biblioteca Nacional Pedro Henríquez Ureña General Depósito 19.08.2019 Donado por Librería Mateca   M843m 2021-26381 13.09.2021 13.09.2021 Libro y Folleto Colección Dominicana de Servicio e.3
    Dewey Decimal Classification Excluido de préstamo   Patrimonio Dominicano Biblioteca Nacional Pedro Henríquez Ureña Patrimonio Dominicano Depósito 19.08.2019 Donado por Librería Mateca   M843m 2021-26376 13.09.2021 13.09.2021 Libro y Folleto Colección Patrimonio Dominicano  
    Dewey Decimal Classification Excluido de préstamo   Patrimonio Dominicano Biblioteca Nacional Pedro Henríquez Ureña Patrimonio Dominicano Depósito 19.08.2019 Donado por Librería Mateca   M843m 2021-26377 13.09.2021 13.09.2021 Libro y Folleto Colección Patrimonio Dominicano e.2

Con tecnología Koha